000 00640nam a2200229Ia 4500
005 20250508163843.0
008 008 250505s9999 xx 000 0 eng d
020 _a0-631-21318-X
037 _aReference
040 _aFEDL
_beng
_cFEDL
041 _aeng
_2eng
084 _a301, BLA
_qFEDL
100 _aBlau Judith R Ed.
245 0 _aBlackwell companion to sociology
260 _aOxford, UK
_bBlackwell
_c2001
300 _axxii,610p.
365 _aGBP
_b80
490 _aBlackwell companions to sociology
650 _aSociology and anthropology
_9439730
942 _cREF
_h301, BLA
999 _c1385621
_d1385621